000 00239nam a2200097Ia 4500
001 712238
005 20250826162823.0
008 250824s9999 xx 000 0 und d
245 0 _aMEHMET AKİF
_cNURETTİN TOPÇU
260 _bDERGÂH YAYINLARI
999 _c712238
_d712238